000
00298nam a22001337a 4500
020
_a
81-304-0531-8
082
_a
425
_b
VER/P
100
_a
VERMA,GAUTAM
245
_a
PROVERBS FOR EVERYDAY LIFE
260
_a
DELHI
_b
TINY TOT PUBLICATIONS
300
_a
160
650
_a
PROVERBS
_z
DELHI
942
_c
BK
999
_c
3711
_d
3711